12 Miesięcy w 20 Sekund - Statystyki

Ogólne statystyki
  • Ten quiz został rozwiązany 12 razy
  • Średni wynik to 8 z 12
Statystyki odpowiedzi
miesiąc % Poprawnych
kwiecień
100%
luty
100%
marzec
100%
styczeń
100%
maj
75%
sierpień
75%
czerwiec
50%
lipiec
50%
grudzień
25%
listopad
25%
październik
25%
wrzesień
25%
Nie znaleziono quizów pasujących do podanych kryteriów
Rozkład punktacji
Procent ludzi z każdym wynikiem
Percentyl według liczby udzielonych odpowiedzi
Twoja historia wyników
Nie rozwiązałeś tego quizu